000
00227nam a22001097a 4500
041
_a
ENG
245
_a
Engineering Drawing Thomas Efench
260
_a
New York
_b
McGraw-Hill
_c
1947
300
_a
694
650
_a
48
856
_u
48
999
_c
3102
_d
3102